Fenomén Brdy : zapomenuté hory uprostřed Čech /
Uloženo v:
| Hlavní autor: | |
|---|---|
| Další autoři: | |
| Médium: | Kniha |
| Jazyk: | Czech |
| Vydáno: |
V Brně :
Nastole,
2026
|
| Vydání: | 1. vydání |
| Témata: | |
| Celkem bylo vypůjčeno: | 0x |
| Tagy: |
Žádné tagy |
| LEADER | 01912nam a2200481 i 4500 | ||
|---|---|---|---|
| 001 | 106477 | ||
| 003 | CZ PrNK | ||
| 005 | 20260604145310.0 | ||
| 007 | ta | ||
| 008 | 260518s2026 xr ah e f 000 0 cze | ||
| 015 | |a cnb003758530 | ||
| 020 | |a 9788074487170 |q (vázáno) : |c Kč 399,00 | ||
| 040 | |a BOA001 |b cze |e rda | ||
| 072 | 7 | |a 913(437) |x Geografie Česka a Slovenska, reálie, cestování |2 Konspekt |9 7 | |
| 080 | |a 913:338.483.1 |2 MRF | ||
| 080 | |a 913(437.31-191.2) |2 MRF | ||
| 080 | |a (437.31-191.2) |2 MRF | ||
| 080 | |a (036) |2 MRF | ||
| 080 | |a (084.12) |2 MRF | ||
| 100 | 1 | |a Makaj, Tomáš, |d 1974- |7 jo2002105294 |4 aut |9 112119 | |
| 245 | 1 | 0 | |a Fenomén Brdy : |b zapomenuté hory uprostřed Čech / |c Tomáš Makaj ; fotografie Jaroslav Vogeltanz |
| 250 | |a 1. vydání | ||
| 264 | 1 | |a V Brně : |b Nastole, |c 2026 | |
| 300 | |a 263 stran : |b ilustrace (převážně barevné), faksimile ; |c 24 cm | ||
| 336 | |a text |b txt |2 rdacontent | ||
| 336 | |a statický obraz |b sti |2 rdacontent | ||
| 337 | |a bez média |b n |2 rdamedia | ||
| 338 | |a svazek |b nc |2 rdacarrier | ||
| 504 | |a Obsahuje bibliografii | ||
| 650 | 0 | 7 | |a turistické zajímavosti |7 ph126800 |z Česko |2 czenas |
| 650 | 0 | 9 | |a tourist sights |z Czechia |2 eczenas |
| 651 | 7 | |a Brdy (Česko : pohoří) |7 ge137862 |x reálie |2 czenas | |
| 651 | 9 | |a Brdy Mountains (Czechia) |x description and travel |2 eczenas | |
| 655 | 7 | |a průvodce |7 fd133154 |2 czenas |9 141 | |
| 655 | 7 | |a fotografické publikace |7 fd132276 |2 czenas |9 53599 | |
| 655 | 9 | |a guidebooks |2 eczenas | |
| 655 | 9 | |a photographical works |2 eczenas | |
| 700 | 1 | |a Vogeltanz, Jaroslav, |d 1956- |7 ola2003188578 |4 pht |9 26445 | |
| 710 | 2 | |a Nastole (nakladatelství) |7 xx0342137 |4 pbl |9 117355 | |
| 910 | |a UOG502 | ||
| 942 | |2 ddc |c KN | ||
| 999 | |d 106477 | ||
| 993 | |0 0 |1 421180107197 |2 ddc |4 0 |6 908_437000000000000 |7 0 |9 99921 |b 0 |c 107197 |d 2026-06-04 |e 0 |f DOSP |g 908.437 |h 399.00 |i Koupě |l DOSP |r 2026-06-04 |t 5 |w 2026-06-04 |y KN |z NAUCNA |n | ||